00611 2200205 4500001002100000005001500021035002000036007000300056008004100059020002200100082001200122084001800134100002300152245010300175260003800278300004000316650001300356650002000369990001600389INLIS00000000000109020241028092621 a0010-1024000060ta241028 g 0 ind  a978-979-582-273-8 a636.082 a636.082 DWI p0 aDwinta Prasetianti1 aPetunjuk Teknis Perbibitan Ayam Kampung Unggul Balitbangtan (KUB) Terstandar /cDwinta Prasetianti aJakarta :bPertanian Press,c2024 a55 hlm, :bilus, ;c21 cm X 29,5 cm 4aAyam KUB 4aPetunjuk Teknis a00000001170